Countries with Longest School Hours - Statistics

General Stats
  • This quiz has been taken 64 times
  • The average score is 4 of 10
Answer Stats
Hours Answer % Correct
13.8 China
96%
9.7 Russia
68%
6.6 Poland
43%
8.7 Italy
41%
9.4 Singapore
39%
6.7 Lithuania
30%
6.9 Estonia
29%
7.3 Romania
27%
8.8 Kazakhstan
23%
7.3 Ireland
20%
No matching quizzes found
Score Distribution
Percent of People with Each Score
Percentile by Number Answered
Your Score History
You have not taken this quiz